Détails MARC
| 000 -LEADER |
| fixed length control field |
01646cam a2200445 i 4500 |
| 001 - CONTROL NUMBER |
| control field |
B813062 |
| 003 - CONTROL NUMBER IDENTIFIER |
| control field |
OSt |
| 005 - DATE AND TIME OF LATEST TRANSACTION |
| control field |
20260320020004.0 |
| 007 - PHYSICAL DESCRIPTION FIXED FIELD--GENERAL INFORMATION |
| fixed length control field |
ta |
| 008 - FIXED-LENGTH DATA ELEMENTS--GENERAL INFORMATION |
| fixed length control field |
180523t20182018fr |||| 000|f fre |
| 009 - PHYSICAL DESCRIPTION FIXED-FIELD FOR ARCHIVAL COLLECTION (VM) [OBSOLETE] |
| fixed length control field |
4 |
| 020 ## - INTERNATIONAL STANDARD BOOK NUMBER |
| International Standard Book Number |
9782745983992 (broché) |
| 024 3# - OTHER STANDARD IDENTIFIER |
| Standard number or code |
9782745983992 |
| 035 ## - SYSTEM CONTROL NUMBER |
| System control number |
(SDM)B813062 |
| 040 ## - CATALOGING SOURCE |
| Original cataloging agency |
SDM |
| Language of cataloging |
fre |
| Description conventions |
rda |
| Modifying agency |
SQTD |
| Transcribing agency |
CDM |
| 041 1# - LANGUAGE CODE |
| Language code of text/sound track or separate title |
fre |
| Language code of original and/or intermediate translations of text |
eng |
| 082 0# - DEWEY DECIMAL CLASSIFICATION NUMBER |
| Classification number |
BEL |
| Edition number |
23 |
| 082 0# - DEWEY DECIMAL CLASSIFICATION NUMBER |
| Classification number |
823/.92 B433e |
| Edition number |
23 |
| 100 1# - MAIN ENTRY--PERSONAL NAME |
| Personal name |
Bell, Alex, |
| Dates associated with a name |
1986- |
| Relator term |
auteur. |
| 9 (RLIN) |
1203385ad |
| Field link and sequence number |
1160872ad |
| 240 10 - UNIFORM TITLE |
| Uniform title |
<a href="Frozen Charlotte.">Frozen Charlotte.</a> |
| Language of a work |
Français |
| 245 10 - TITLE STATEMENT |
| Title |
Emmurées / |
| Statement of responsibility, etc |
Alex Bell ; traduit de l'anglais par Lauriane Crettenand. |
| 300 ## - PHYSICAL DESCRIPTION |
| Extent |
340 pages ; |
| Dimensions |
23 cm. |
| 500 ## - GENERAL NOTE |
| General note |
Traduction de: Frozen Charlotte. |
| 521 ## - TARGET AUDIENCE NOTE |
| Target audience note |
J++ 4. |
| 590 ## - LOCAL NOTE (RLIN) |
| Local note |
J++ |
| 650 #6 - SUBJECT ADDED ENTRY--TOPICAL TERM |
| Topical term or geographic name as entry element |
Oui-ja |
| Form subdivision |
Romans, nouvelles, etc. pour la jeunesse. |
| 650 #6 - SUBJECT ADDED ENTRY--TOPICAL TERM |
| Topical term or geographic name as entry element |
Maisons hantées |
| Form subdivision |
Romans, nouvelles, etc. pour la jeunesse. |
| 650 #6 - SUBJECT ADDED ENTRY--TOPICAL TERM |
| Topical term or geographic name as entry element |
Cousins |
| Form subdivision |
Romans, nouvelles, etc. pour la jeunesse. |
| 650 #6 - SUBJECT ADDED ENTRY--TOPICAL TERM |
| Topical term or geographic name as entry element |
Poupées de porcelaine |
| Form subdivision |
Romans, nouvelles, etc. pour la jeunesse. |
| 650 #6 - SUBJECT ADDED ENTRY--TOPICAL TERM |
| Topical term or geographic name as entry element |
Possession par les esprits |
| Form subdivision |
Romans, nouvelles, etc. pour la jeunesse. |
| 650 #6 - SUBJECT ADDED ENTRY--TOPICAL TERM |
| Topical term or geographic name as entry element |
Secrets de famille |
| Form subdivision |
Romans, nouvelles, etc. pour la jeunesse. |
| 650 #6 - SUBJECT ADDED ENTRY--TOPICAL TERM |
| Topical term or geographic name as entry element |
Revenants |
| Form subdivision |
Romans, nouvelles, etc. pour la jeunesse. |
| 650 #6 - SUBJECT ADDED ENTRY--TOPICAL TERM |
| Topical term or geographic name as entry element |
Roman pour jeunes adultes. |
| 651 #6 - SUBJECT ADDED ENTRY--GEOGRAPHIC NAME |
| Geographic name |
Écosse |
| Form subdivision |
Romans, nouvelles, etc. pour la jeunesse. |
| 655 #7 - INDEX TERM--GENRE/FORM |
| Genre/form data or focus term |
Histoires de fantômes. |
| Source of term |
rvmgf |
| 655 #7 - INDEX TERM--GENRE/FORM |
| Genre/form data or focus term |
Romans d'horreur. |
| Source of term |
rvmgf |
| 856 ## - ELECTRONIC LOCATION AND ACCESS |
| Uniform Resource Identifier |
<a href="https://college-montreal.biblius.ca/explore/products/631da7f0-06f0-4396-8718-cf3c9ae05c93">https://college-montreal.biblius.ca/explore/products/631da7f0-06f0-4396-8718-cf3c9ae05c93</a> |
| 908 ## - PUT COMMAND PARAMETER (RLIN) |
| Put command parameter |
SDM |
| 942 ## - ADDED ENTRY ELEMENTS (KOHA) |
| Source of classification or shelving scheme |
Dewey Decimal Classification |
| Koha item type |
Livre |
| Koha issues (borrowed), all copies |
8 |